Adolescencia y salud /

Guardado en:
Autor Principal: Gagliardi, Raúl
Otros Autores: Martiñá, Rolando, Míguez, Daniel
Formato: Libro
Publicado: Buenos Aires : Tinta Fresca, 2006
Materias:
Etiquetas: Agregar Etiqueta
Sin Etiquetas, Sea el primero en etiquetar este registro!
LEADER 03752nam a22002895a 4500
001 CEM.cems012076
008 130507s2006##################000#0#####d
005 20250903181251.0
245 1 0 |a Adolescencia y salud /  |c Raúl Gagliardi , Rolando Martiñá y Daniel Míguez 
260 |a Buenos Aires :  |b Tinta Fresca,  |c 2006 
300 |a 174 p. 
500 |a Para Polimodal 
505 0 |a LOS ADOLESCENTES Y SU SALUD: UN ENFOQUE PREVENTIVO -- ¿Qué es la adolescencia? -- La adolescencia hoy -- La adolescencia en la historia -- El reloj de la vida -- Reconocer una etapa -- ¿Qué es la salud? -- El organismo: un sistema -- Alimentación equilibrada -- Índice de masa corporal -- Alimentación inadecuada -- Detectan riesgo cardíaco en los chicos por la "comida chatarra" -- Clasificación de la desnutrición -- Desnutrición crónica y grave -- Salud y epidemiología -- Enfermedades transmisibles -- Indicadores en epidemiología -- Tasa de prevalencia -- Incidencia -- Letalidad -- Mortalidad -- Mortalidad infantil -- Prevención -- Prevención primaria, secundaria y terciaria -- Investigación científica: problema e hipótesis -- Arqueología de carne y hueso -- LOS ADOLESCENTES Y SU SEXUALIDAD: EL CUERPO DE LOS ADOLESCENTES -- La imagen del cuerpo -- Distorsiones de la imagen corporal -- Bulimia, anorexia y vigorexia -- Amor en la adolescencia -- Cuidados de pareja -- Desarrollo sexual en varones y mujeres -- Sistemas reproductores -- Órganos internos y externos -- Regulación hormonal femenina y masculina -- Ciclo menstrual -- La primera menstruación -- Embarazo -- Cuidados maternos -- Estudios durante el embarazo -- Parto y nacimiento -- Cesárea -- Cuidado del bebé -- Cuidados especiales del recién nacido -- Embarazo durante la adolescencia -- Métodos anticonceptivos -- Infecciones sexualmente transmisibles -- Sida: breve historia -- Vías de transmisión -- LOS ADOLESCENTES, SU ESPACIO Y SU TIEMPO -- Placer y gratificaciones -- Proyectos de vida -- Resolución de conflictos -- Resiliencia -- El tiempo libre -- El poder de las pantallas -- Adicciones -- Crisis durante la adolescencia -- Sustancias psicoactivas y sus efectos -- Patrones de consumo -- Adicciones socialmente aceptadas -- Alcoholismo -- Tabaquismo -- Nicotina y alquitrán -- Monóxido de carbono -- Sustancias irritantes -- Capacidades diferentes -- Deficiencia, discapacidad y minusvalía -- Causas -- Integración y discriminación -- Personas con discapacidades y condiciones socioeconómicas difíciles -- Derechos de las personas con discapacidad -- Clasificación de las discapacidades -- Discapacidades físicas o motoras -- Discapacidades mentales -- Síndrome de Down -- Lesión cerebral traumática -- Discapacidad visual -- Sordera y pérdida de la capacidad auditiva -- Trastornos del lenguaje y del habla -- Problemas emocionales -- Desorden deficitario de la atención e hiperactividad -- Diagnóstico precoz, tratamiento oportuno y rehabilitación -- LOS ADOLESCENTES Y LOS OTROS -- Nuevos referentes -- Héroes, ídolos, modelos y tutores -- Aceptar el cuidado del otro -- Diferencia entre cuidado y control -- Aprender a autocuidarse 
020 |a 9875760684 
100 1 |a Gagliardi, Raúl 
700 1 |a Martiñá, Rolando 
700 1 |a Míguez, Daniel 
082 0 4 |a Z614 
653 |a Adolescencia 
653 |a Adolescencia salud 
653 |a Salud 
653 |a Sexualidad 
859 |a CEMS  |b BIB. CEMS - 11 de abril  |h Z614  |i G121  |p 23283.06  |t Ej.1 
859 |a CEMS  |b BIB. CEMS - 11 de abril  |h Z614  |i G121  |p 23284.06  |t Ej.2 
859 |a CEMS  |b BIB. CEMS - 11 de abril  |h Z614  |i G121  |p 23285.06  |t Ej.3 
859 |a CEMS  |b BIB. CEMS - 11 de abril  |h Z614  |i G121  |p 23286.06  |t Ej.4 
859 |a CEMS  |b BIB. CEMS - 11 de abril  |h Z614  |i G121  |p 23287.06  |t Ej.5